000 00797nam a22002417a 4500
003 UA-OsUOA
001 60454
007 ta
008 20090520b un ||||| |||| 00| 0 ukr d
100 _aКащенко С.Г.
090 _a340.12(091)
_bК31
942 _cBK
040 _aUA-OsUOA
_brus
_cUA-OsUOA
_dUA-OsUOA
245 _aВсеобщая история государства и права новейшего времени
_bУчебное пособие
300 _a696 с.
955 _a2
041 _arus
080 _a340.12(091)
020 _a966-366-027-9
260 _aСимферополь
_bДОЛЯ
_c2006
650 7 _a340 Право в цілому. Пропедевтика. Методи та допоміжні правничі науки
_2UDC
999 _c346382
_d346382